000 01019nam0a22002531 4500
001 rc\2812939
005 20250806210838.0
035 _a(NLR Aleph) 006938756
090 _a15034
_c15034
100 _a20110915d1944 u y0rusy50 ca
101 0 _arus
102 _aRU
105 _aa z |||||
200 1 _aИнструкция по изготовлению балок и ферм системы инженера В. С. Деревягина
_eУтв. 2 июня 1944 г.
_fНар. ком. по строит-ву СССР. Тех. упр.
210 _a[Москва]
_cСтройиздат
_d1944
_gтип. Профиздата
215 _a16 с., без обл.
_cил., черт.
_d19 см.
712 0 1 _aСССР
_bНародный ком. по строит-ву
_bТехническое упр.
801 0 _aRU
_bNLR
_gpsbo
801 1 _aRU
_bELAR
_2rusmarc
852 _aNLR
_jТ80 Г-4/429
942 _cBOOK
945 _aРоссийская национальная библиотека
980 _aNB
980 _aBV